Birdman Discography - Statistics

General Stats
  • This quiz has been taken 5 times
    4 since last reset
  • The average score is 5 of 14
Answer Stats
Year Name Type % Correct
2002 Birdman Album
100%
2007 5* Stunna Album
75%
2005 Fast Money Album
50%
2006 Like Father, Like Son Collaborative Album
50%
2009 Priceless Album
50%
2013 Rich Gang Collaborative Album
50%
2014 Rich Gang: Tha Tour Pt. 1 Mixtape
50%
2013 The H: The Lost Album Vol. 1 Mixtape
25%
2011 Billionaire Minds Mixtape
0%
2017 From Tha Brinks Album
0%
2019 Just Another Gangsta Collaborative Album
0%
2016 Lost At Sea Collaborative Mixtape
0%
2017 Ms. Gladys Album
0%
2013 Rich Gang: All Stars Mixtape
0%
No matching quizzes found
Score Distribution
Percent of People with Each Score
Percentile by Number Answered
Your Score History
You have not taken this quiz since the last reset